000 00691nam a2200229 i 4500
001 bg
100 1 _aDULĘBA, Ignacy
245 1 0 _aAlgorithms of motion planning for nonholonomic robots /
_cIgnacy Dulęba.
260 _aWrocław :
_bOficyna Wydawnicza Politechniki Wrocławskiej,
_c1998.
300 _a147 s. :
_brys., wykr. ;
_c24 cm.
504 _aBibliogr. s. 141-147.
650 9 _aAlgorytmy
_xstosowanie
_xtechnika
650 9 _aAutomaty mobilne
_xbadanie
650 9 _aKinematyka
_xzagadnienia
020 _a8370853439
040 _cBPK
041 0 _aen
080 _a007.5:531.1:510.5
920 _a83-7085-343-9
942 _cKS
008 s pl f |000 0 pol
999 _c34502
_d34502
856 _uhttp://koha.tu.koszalin.pl/cgi-bin/koha/opac-detail.pl?biblionumber=34502
_yKatalog online BPK